00406nam a2200121Ia 4500003000400000005001700004008004100021040001800062041000800080100004300088245011700131260003600248OSt20260120152813.0211028s2014 xx 000 0 und d cAIMIT LIBRARY aeng aL, Priyanka; Kairanna, Sneha.g1216092 aStudy on effectiveness of employee welfare measures with reference to mandovi motors private limited Mangalore / aMangalorebSneha Kairannac2014